Sobre la existencia de cromoblastos en el epitalio esclero-corneal / (Record no. 138032)

MARC details
000 -LEADER
campo de control de longitud fija 00751nam a2200205 4500
001 - NÚMERO DE CONTROL
campo de control 138032
003 - IDENTIFICADOR DE NÚMERO DE CONTROL
campo de control ES-MaACL
005 - FECHA Y HORA DE LA ÚLTIMA TRANSACCIÓN
campo de control 20250905161928.0
007 - CAMPO FIJO DE DESCRIPCIÓN FÍSICA--INFORMACIÓN GENERAL
campo de control de longitud fija t|
008 - DATOS DE LONGITUD FIJA--INFORMACIÓN GENERAL
campo de control de longitud fija 070214s1923 sp r ||||1| spa d
100 1# - ENTRADA PRINCIPAL--NOMBRE DE PERSONA
Nombre de persona Sánchez-Lucas, Julio G.
9 (RLIN) 102737
245 10 - MENCIÓN DEL TÍTULO
Título Sobre la existencia de cromoblastos en el epitalio esclero-corneal /
Mención de responsabilidad, etc. Julio G. Sánchez-Lucas y Rafael Vara López.
260 ## - PUBLICACIÓN, DISTRIBUCIÓN, ETC.
Lugar de publicación, distribución, etc. [S. l. :
Nombre del editor, distribuidor, etc. s. n.,
Fecha de publicación, distribución, etc. 1923]
300 ## - DESCRIPCIÓN FÍSICA
Extensión 5 p., 1 lám. ;
Dimensiones 21 cm.
500 ## - NOTA GENERAL
Nota general Es tirada aparte de: Boletín de la Sociedad Española de Biología, año X, fascículo IX, 1923.
700 1# - ENTRADA AGREGADA--NOMBRE PERSONAL
Nombre de persona Vara López, Rafael,
Fechas asociadas al nombre 1904-1982
9 (RLIN) 113112
710 2# - ENTRADA AGREGADA--NOMBRE DE ENTIDAD CORPORATIVA
Nombre de entidad corporativa o nombre de jurisdicción como elemento de entrada Sociedad Española de Biología.
9 (RLIN) 6711
852 ## - LOCALIZACIÓN
Ubicación ES-MaACL
Número de control de estantería 1680-F-20
Holdings
Estatus retirado Estado de pérdida Estado de daño No para préstamo Colección Biblioteca de origen Biblioteca actual Ubicación en estantería Fecha de adquisición Fuente de adquisición Total de préstamos Signatura topográfica completa Código de barras Visto por última vez Precio de reemplazo Tipo de ítem Koha
        Colección de folletos Biblioteca del Ateneo de Madrid Biblioteca del Ateneo de Madrid Depósito folletos 17/01/2008     1680-F-20 1143634 23/02/2023 23/02/2023 Folleto